000 01135cam a2200301 a 4500
999 _c7903
_d7903
001 17462927
003 OSt
005 20200127132344.0
008 120914s2013 enka b 001 0 eng
010 _a 2012037106
020 _a9780749463601
020 _a9780749463618
040 _aDLC
_coclc
_dDLC
042 _apcc
050 0 0 _aHD58.7
_b.P4626 2013
082 0 0 _a658.3
_223
_bPER/O
100 _aPerkins, Stephen
_91526
245 1 0 _aOrganizational behaviour :
_b[people, process, work and human resource management] /
_c Stephen Perkins and Raisa Arvinen-Muondo.
260 _aLondon ;
_aPhiladelphia :
_bKogan Page,
_c2013.
300 _a 343 p. :
_bill. ;
_c24 cm.
504 _aIncludes bibliographical references (p. [309]-334) and index.
650 0 _aOrganizational behavior.
650 0 _aPersonnel management.
700 1 _aArvinen-Muondo, Raisa
_91596
906 _a7
_bcbc
_corignew
_d1
_eecip
_f20
_gy-gencatlg
942 _2ddc
_cBK
_h658.3
_iPER/O
_k658.3
_mPER/O